| Tag |
First Indicator |
Second Indicator |
Subfields |
| LEADER |
00000pam a2200000 i 4500 |
| 001 |
in00000466821 |
| 005 |
20151012170006.0 |
| 008 |
761015s1977 nyu 00010 eng |
| 010 |
|
|
|a 76039922
|
| 020 |
|
|
|a 068910779X
|
| 035 |
|
|
|a (OCoLC)02542376
|
| 035 |
|
|
|9 ABZ9237AM
|
| 040 |
|
|
|a DLC
|c DLC
|d TXA
|d UtOrBLW
|
| 049 |
|
|
|a TXAM
|c [1475146]
|
| 050 |
0 |
0 |
|a PS3552.E52
|b S7
|
| 082 |
0 |
|
|a 811/.5/4
|
| 100 |
1 |
|
|a Bell, Marvin,
|d 1937-
|
| 245 |
1 |
0 |
|a Stars which see, stars which do not see :
|b poems /
|c by Marvin Bell.
|
| 250 |
|
|
|a 1st ed.
|
| 264 |
|
1 |
|a New York :
|b Atheneum,
|c 1977.
|
| 300 |
|
|
|a 54 pages ;
|c 22 cm.
|
| 336 |
|
|
|a text
|b txt
|2 rdacontent
|
| 337 |
|
|
|a unmediated
|b n
|2 rdamedia
|
| 338 |
|
|
|a volume
|b nc
|2 rdacarrier
|
| 999 |
|
|
|a MARS
|
| 999 |
f |
f |
|s 60ce8414-3993-3dae-b9a7-2c7cc744cee3
|i 3626cfad-04f0-36dd-a29d-60208781ed55
|t 0
|
| 952 |
f |
f |
|p ric
|a Texas A&M University
|b Rellis Campus
|c Joint Library Facility
|d Remote Storage
|t 0
|e PS3552.E52 S7
|h Library of Congress classification
|i unmediated -- volume
|m A14804118844
|
| 998 |
f |
f |
|a PS3552.E52 S7
|t 0
|l Remote Storage
|